The single European market : centralization or competition among national rules?.
| Main Author: | |
|---|---|
| Format: | Book |
| Published: |
London:
The Royal Institute of International Affairs,
1994.
|
| Subjects: |
| LEADER | 00522cam a2200169 7i4500 | ||
|---|---|---|---|
| 001 | 0000003066 | ||
| 005 | 19991025090000.0 | ||
| 002 | ##000004399 | ||
| 020 | 0 | 0 | |a 0-905031-86-5 |
| 090 | 0 | 0 | |a B 338.6047 |b WOO |
| 100 | 1 | 0 | |a Woolcock |
| 245 | 0 | 0 | |a The single European market : |b centralization or competition among national rules?. |
| 260 | 0 | 0 | |a London: |b The Royal Institute of International Affairs, |c 1994. |
| 300 | 0 | 0 | |a 47 p.. |
| 650 | 0 | 0 | |a Competition |
| 651 | 0 | 0 | |a Europe |
| 999 | |a 0000004743 |b Book |c Open shelf |e Business Information Centre | ||


